De quel pays vient cet Euro ? (en images) - Statistiques

Statistiques générales
  • Ce quiz a été pris 123 fois
  • Le résultat moyen est 19 sur 32
Statistiques - réponses
Par images Réponse % Correct
Andorre
96%
France
92%
France
86%
Andorre
84%
Monaco
83%
Slovaquie
82%
Italie
81%
Lettonie
80%
Lettonie
79%
Andorre
75%
France
74%
Pays-Bas
73%
Grèce
72%
Italie
72%
Lituanie
69%
Estonie
61%
Pays-Bas
59%
Italie
58%
Belgique
49%
Lettonie
49%
Vatican
49%
Portugal
48%
Italie
47%
Autriche
46%
Chypre
44%
Autriche
33%
Autriche
31%
Finlande
27%
Autriche
25%
Finlande
23%
Autriche
22%
Finlande
21%
Aucun quiz correspondant
Distribution des résultats
% des personnes avec chaque résultat
Percentile par nombre de réponses
Votre historique - résultats
Vous n’avez pas pris ce quiz